000 00713nam a2200241Ia 4500
003 GCL
008 140319s9999 xx 000 0 ara d
040 _aGCL /
_cGCL
082 0 4 _a956.603
_bس و
100 1 _aسعيد سلمان
245 1 0 _aوسقطت التحديات /
_cسعيد سلمان
260 _a[S.N] :
_bدار ازال للطباعة والنشر والتوزيع ،
_c1994
300 _a459 ص
490 _a
650 0 4 _aالعصر الحديث
650 0 4 _aتاريخ
650 0 4 _aالولايات المتحدة الامريكية
650 0 4 _aلبنان
650 0 4 _aالدستور
650 0 4 _aالياس الهراوى
650 0 4 _aالرهائن
942 _2ddc
_cBK
999 _c55331
_d55331